000 00653nam a2200181Ia 4500
008 151202s9999||||xx |||||||||||||| ||und||
082 _bPNVM-17526
100 _aमिराशी. वा. वि.
245 _aसंशोधनमुक्तावलि 1.
260 _b"मध्यप्रदेश संशोधन मंडळ,नागपूर."
260 _c1954
300 _a216
600 _aमिराशी. वा. वि.
630 _aसंशोधनमुक्तावलि 1.
700 _aमिराशी. वा. वि.
730 _aसंशोधनमुक्तावलि 1.
942 _cBOOK
999 _c1283511
_d1283508